Catalog

Record Details

Catalog Search



The story of Jesus  Cover Image Book Book

The story of Jesus / by Jane Werner Watson ; illustrated by Jerry Smath.

Watson, Jane Werner, 1915- (author. ). Smath, Jerry,: (illustrator.).

Summary:

An introduction to Jesus for very young children -- a perfect gift for the holiday season! A gentle look at Jesus's birth, childhood, teachings, crucifixion, and resurrection. Written in a simple, warm style, with colorful illustrations that will captivate and inspire.

Record details

  • ISBN: 9780375839412
  • ISBN: 0375839410
  • Physical Description: 1 volume (unpaged) : color illustrations ; 21 cm
  • Edition: Revised edition.
  • Publisher: New York : A Golden Book, 2007.
Subject: Jesus Christ > Juvenile literature.
Mary and Joseph > Juvenile literature.
John the Baptist
Pontius Pilate
Prophet
Baptized
Carpenter
Passover
Golgotha
Bethlehem
Genre: Juvenile works

Available copies

  • 1 of 1 copy available at scottsboropl.

Holds

  • 0 current holds with 1 total copy.
Show Only Available Copies
Location Call Number / Copy Notes Barcode Shelving Location Status Due Date
scottsboropl E Wat 32269001253130 Juvenile - Easy Available -

LDR 01830cam a2200433 i 4500
001163414
003SBPL
00520240607151548.0
008060309t20072002nyua j 000 0 eng
010 . ‡a 2006923667
020 . ‡a9780375839412 ‡q(hardcover)
020 . ‡a0375839410 ‡q(hardcover)
035 . ‡a(OCoLC)298112109
050 4. ‡aBT301.2 ‡b.W38 2007
08214. ‡a232 WAT
1001 . ‡aWatson, Jane Werner, ‡d1915-;2004,: ‡eauthor.
24514. ‡aThe story of Jesus / ‡cby Jane Werner Watson ; illustrated by Jerry Smath.
250 . ‡aRevised edition.
264 1. ‡aNew York : ‡bA Golden Book, ‡c2007.
300 . ‡a1 volume (unpaged) : ‡bcolor illustrations ; ‡c21 cm
336 . ‡atext ‡btxt ‡2rdacontent
337 . ‡aunmediated ‡bn ‡2rdamedia
338 . ‡avolume ‡bnc ‡2rdacarrier
4901 . ‡aA little golden book
520 . ‡aAn introduction to Jesus for very young children -- a perfect gift for the holiday season! A gentle look at Jesus's birth, childhood, teachings, crucifixion, and resurrection. Written in a simple, warm style, with colorful illustrations that will captivate and inspire.
60000. ‡aJesus Christ ‡vJuvenile literature.
60000. ‡aMary and Joseph ‡vJuvenile literature.
60000. ‡aJohn the Baptist
60000. ‡aPontius Pilate
6500 . ‡aProphet
6500 . ‡aBaptized
6500 . ‡aCarpenter
6500 . ‡aPassover
6510 . ‡aGolgotha
6510 . ‡aBethlehem
655 7. ‡aJuvenile works ‡2fast
7001 . ‡aSmath, Jerry,: ‡eillustrator.
830 0. ‡aLittle golden books.
901 . ‡a163414 ‡bAUTOGEN ‡c163414 ‡tbiblio

Additional Resources